Т. 6: Тексты не произнесенных на съезде выступлений народных депутатов СССР, переданные в секретариат съезда; Второй Съезд народных депутатов СССР, 12-24 декабря 1989 г.

Detalles Bibliográficos
Parent link:Второй Съезд народных депутатов СССР, 12-24 декабря 1989 г.: стенографический отчет. Т. 6: Тексты не произнесенных на съезде выступлений народных депутатов СССР, переданные в секретариат съезда.— , 1990-
Idioma:ruso
Publicado: 1990
Subjects:
Formato: MixedMaterials Libro
KOHA link:https://koha.lib.tpu.ru/cgi-bin/koha/opac-detail.pl?biblionumber=197622

MARC

LEADER 00000nam2a2200000 4500
001 197622
005 20231031183518.0
010 |a 5206001449 
035 |a (RuTPU)RU\TPU\book\215575 
035 |a RU\TPU\book\215014 
090 |a 197622 
100 |a 20110615d1990 km a0rusy50 ca 
101 0 |a rus 
102 |a RU 
105 |a y z 000zy 
200 0 |a Т. 6: Тексты не произнесенных на съезде выступлений народных депутатов СССР, переданные в секретариат съезда 
210 |d 1990 
215 |a 688 с. 
461 1 |0 (RuTPU)RU\TPU\book\180255  |t Второй Съезд народных депутатов СССР, 12-24 декабря 1989 г.  |o стенографический отчет  |o в 6 т.  |v Т. 6: Тексты не произнесенных на съезде выступлений народных депутатов СССР, переданные в секретариат съезда  |d 1990- 
610 1 |a съезды народных депутатов 
610 1 |a социальная политика 
686 |a Х620.6  |v LBC/SL-A  |2 rubbk 
801 1 |a RU  |b 63413507  |c 20110606 
801 2 |a RU  |b 63413507  |c 20110616  |g RCR 
942 |c BK